000 01057nam a2200349Ia 4500
001 dia_6007
003 CHAP
005 20240125130515.0
008 220117s2010 xx 000 0 und d
010 _a177174
020 _a978-607-804-703-1
040 _cCHAP
082 _a808.8381 U77 T76 2010
100 _aUrquizo, Francisco L.
_9160418
245 _aTropa vieja /
_c Francisco L. Urquizo
250 _a2a ed.
260 _aMéxico :
_b Factoría Ediciones,
_c2010
300 _axviii, 283 p.
440 _aLa serpiente emplumada ; 28
_9144860
503 _aC.
590 _aPQ7297.U75 T76 2010
650 _aFiction
_9152751
650 _aLiteratura mexicana
_xSiglo XX
_9153761
650 0 _aMexican literature
_x
_y20th. century
_9153762
650 _aNovela
_982011
650 _aRevolución
_xMéxico
_xNovela
_9160419
650 _aRevolution
_xMexico
_xFiction
_9160420
901 _a808.8381 U77 T76 2010
902 _aA
905 _a5232272010 mx a 9222223336spa16
942 _cLIBRO
_2ddc
999 _c177174
_d177174